[Event "New York Marshall IM-C 07"]
[Site "New York"]
[Date "2025.07.11"]
[Round "6"]
[White "Atwell, Rose"]
[Black "Colville, Julian"]
[Result "0-1"]
[WhiteElo "2271"]
[BlackElo "2248"]
[PlyCount "96"]
[EventDate "2025.07.09"]
[EventType "tourn"]
[EventRounds "9"]
[EventCountry "USA"]
[EventCategory "2"]
[SourceTitle "CB29_2025"]
[SourceDate "2025.07.16"]
[SourceVersion "1"]
[SourceVersionDate "2025.07.16"]
[SourceQuality "1"]

1. d4 d5 2. c4 e6 3. Nf3 Nf6 4. g3 dxc4 5. Bg2 c6 6. Ne5 Bb4+ 7. Bd2 Be7 8. e3 0-0 9. Nxc4 c5 10. dxc5 Bxc5 11. 0-0 Nc6 12. a3 Be7 13. Qe2 e5 14. Bc3 Bg4 15. Qc2 Qc7 16. Nbd2 Nd7 17. Be4 Bh3 18. Bxh7+ Kh8 19. Bf5 Bxf1 20. Rxf1 b5 21. Qd1 Nf6 22. Ne4 g6 23. Nxf6 Bxf6 24. Be4 bxc4 25. Qf3 Bg7 26. Bxc6 Rab8 27. Bd5 e4 28. Qxe4 Bxc3 29. bxc3 Qc5 30. Qe5+ f6 31. Qe6 Rbe8 32. Qh3+ Kg7 33. Rd1 Rd8 34. e4 f5 35. Rb1 Rb8 36. Rd1 Rb2 37. Rd4 Rb1+ 38. Kg2 Rh8 39. Rxc4 Qe7 40. Rb4 Rxb4 41. Qxh8+ Kxh8 42. axb4 fxe4 43. b5 Qe5 44. c4 Kg7 45. h4 Kf6 46. Kh3 Qf5+ 47. Kg2 Qf3+ 48. Kg1 Ke5 0-1

[Event "New York Marshall IM-C 07"]
[Site "New York"]
[Date "2025.07.11"]
[Round "5"]
[White "Movsziszian, Karen"]
[Black "Atwell, Rose"]
[Result "1/2-1/2"]
[WhiteElo "2380"]
[BlackElo "2271"]
[PlyCount "165"]
[EventDate "2025.07.09"]
[EventType "tourn"]
[EventRounds "9"]
[EventCountry "USA"]
[EventCategory "2"]
[SourceTitle "CB29_2025"]
[SourceDate "2025.07.16"]
[SourceVersion "1"]
[SourceVersionDate "2025.07.16"]
[SourceQuality "1"]

1. g3 e5 2. c4 Nf6 3. Bg2 c6 4. d3 d5 5. Qc2 h6 6. Nf3 Bd6 7. 0-0 0-0 8. Nc3 d4 9. Na4 Qe7 10. e3 dxe3 11. Bxe3 c5 12. Rfe1 Be6 13. a3 Nc6 14. Rab1 b6 15. Nc3 Rac8 16. Nd2 Qd7 17. Nde4 Nxe4 18. Nxe4 Be7 19. Nc3 Nd4 20. Qd2 Rfd8 21. Bxd4 cxd4 22. Nd5 Bd6 23. b3 Re8 24. Ra1 f5 25. a4 f4 26. gxf4 exf4 27. Nxf4 Bf7 28. Nd5 Qg4 29. h3 Qg6 30. Kh1 Kh8 31. Re4 Bxd5 32. cxd5 Rxe4 33. dxe4 Qf6 34. Rd1 Bf4 35. Qe2 Rc3 36. b4 Qh4 37. Qg4 Qxg4 38. hxg4 Rc4 39. e5 Bxe5 40. Re1 Bf4 41. Re8+ Kh7 42. Be4+ g6 43. Re7+ Kg8 44. Bxg6 Rxb4 45. Rxa7 Rb3 46. d6 Rh3+ 47. Kg2 Rh2+ 48. Kg1 Bxd6 49. Rd7 Be5 50. Rd5 Rh4 51. Bh5 Bc7 52. Rd7 Be5 53. Re7 Bd6 54. Re6 Bf4 55. Re4 Bc1 56. Rxd4 Rh3 57. Kg2 Ra3 58. Be8 Kf8 59. Bb5 Ra2 60. Kf3 Ba3 61. Rf4+ Kg7 62. Ke4 Bc5 63. f3 Rd2 64. Rf5 Rd4+ 65. Ke5 Rd1 66. Bc6 Re1+ 67. Kd5 Rd1+ 68. Kc4 Rd4+ 69. Kb5 Rb4+ 70. Ka6 Bf2 71. Bb5 Bg1 72. Kb7 Bf2 73. Kc6 Rb1 74. Rd5 Rb3 75. Rf5 Rb1 76. Rf4 Rc1+ 77. Kd5 Rd1+ 78. Kc6 Rc1+ 79. Bc4 Kg6 80. Re4 h5 81. gxh5+ Kxh5 82. Kd5 Rc3 83. Re5+ 1/2-1/2

[Event "New York Marshall IM-C 07"]
[Site "New York"]
[Date "2025.07.10"]
[Round "4"]
[White "Atwell, Rose"]
[Black "Yudasin, Leonid"]
[Result "1/2-1/2"]
[WhiteElo "2271"]
[BlackElo "2290"]
[PlyCount "57"]
[EventDate "2025.07.09"]
[EventType "tourn"]
[EventRounds "9"]
[EventCountry "USA"]
[EventCategory "2"]
[SourceTitle "CB29_2025"]
[SourceDate "2025.07.16"]
[SourceVersion "1"]
[SourceVersionDate "2025.07.16"]
[SourceQuality "1"]

1. d4 Nf6 2. c4 e6 3. g3 d5 4. Bg2 dxc4 5. Nf3 c5 6. 0-0 Nc6 7. Ne5 Bd7 8. Nxc4 cxd4 9. Bf4 Nd5 10. Nd6+ Bxd6 11. Bxd6 Nde7 12. Nd2 0-0 13. Qb3 Bc8 14. Nc4 e5 15. Qa3 Re8 16. Nxe5 Nxe5 17. Bxe5 Nc6 18. Bxc6 bxc6 19. Qc5 d3 20. exd3 Qxd3 21. Qxc6 Bg4 22. Rfe1 Bf3 23. Qc3 Qxc3 24. bxc3 f6 25. Bd4 a5 26. Re3 Rxe3 27. fxe3 Bd5 28. a3 Rb8 29. Rd1 1/2-1/2

[Event "Philadelphia op 18th"]
[Site "Philadelphia"]
[Date "2025.06.30"]
[Round "8"]
[White "Atwell, Rose"]
[Black "Adewumi, Tanitoluwa"]
[Result "0-1"]
[WhiteElo "2257"]
[BlackElo "2362"]
[PlyCount "84"]
[EventDate "2025.06.26"]
[EventType "swiss"]
[EventRounds "9"]
[EventCountry "USA"]
[SourceTitle "CB28_2025"]
[SourceDate "2025.07.09"]
[SourceVersion "1"]
[SourceVersionDate "2025.07.09"]
[SourceQuality "1"]

1. e4 g6 2. d4 Bg7 3. Nc3 d6 4. Nf3 a6 5. Be2 e6 6. h4 h6 7. Bf4 Nd7 8. Qd2 b6 9. e5 dxe5 10. dxe5 Bb7 11. a4 Ne7 12. a5 b5 13. 0-0-0 Nd5 14. Nxd5 Bxd5 15. Qe3 c6 16. Nd4 Qxa5 17. Bf3 Qa1+ 18. Kd2 Qa5+ 19. Kc1 Rc8 20. Bxd5 cxd5 21. Kb1 Rc4 22. h5 g5 23. Bg3 Ra4 24. Nb3 Qc7 25. f4 Re4 26. Qd2 gxf4 27. Bxf4 Bxe5 28. Bxh6 Nb6 29. c3 Nc4 30. Qc1 Nxb2 31. Kxb2 Rxh6 32. Rde1 Rxe1 33. Qxe1 b4 34. Ka2 Bxc3 35. Qe3 Qc6 36. Nc5 Rh8 37. h6 Qb5 38. Rh4 Qf1 39. Nb3 Qxg2+ 40. Nd2 Qxd2+ 41. Qxd2 Bxd2 42. h7 Kf8 0-1

[Event "USA-ch U16"]
[Site "Schaumburg"]
[Date "2025.06.22"]
[Round "7"]
[White "Atwell, Rose"]
[Black "Adewumi, Tanitoluwa"]
[Result "1/2-1/2"]
[WhiteElo "2257"]
[BlackElo "2362"]
[PlyCount "106"]
[EventDate "2025.06.19"]
[EventType "tourn"]
[EventRounds "7"]
[EventCountry "USA"]
[EventCategory "2"]
[SourceTitle "CB26_2025"]
[SourceDate "2025.06.25"]
[SourceVersion "1"]
[SourceVersionDate "2025.06.25"]
[SourceQuality "1"]

1. d4 Nf6 2. c4 e6 3. g3 d5 4. Bg2 Bb4+ 5. Bd2 Bd6 6. Nf3 Nbd7 7. 0-0 0-0 8. Qc2 c6 9. Rd1 Qe7 10. Bg5 h6 11. Bxf6 Nxf6 12. Nbd2 b6 13. e4 dxe4 14. Nxe4 Nxe4 15. Qxe4 Ba6 16. Ne5 Qc7 17. Qxc6 Rac8 18. Qxc7 Rxc7 19. b3 b5 20. c5 Bxe5 21. dxe5 Rxc5 22. Rd7 b4 23. Rxa7 Bb5 24. Re1 Rfc8 25. h4 g5 26. hxg5 hxg5 27. Ra5 Rc1 28. Rxc1 Rxc1+ 29. Kh2 Bd3 30. Bf3 g4 31. Bxg4 Be4 32. f3 Bd5 33. Ra4 Kg7 34. Rxb4 Rc2+ 35. Kh3 Rxa2 36. Bh5 f5 37. exf6+ Kxf6 38. Rb8 e5 39. Rb5 Rd2 40. Bg4 Rd3 41. b4 Bxf3 42. Bxf3 Rxf3 43. Kg4 e4 44. Rc5 Rf2 45. b5 e3 46. Rc3 Rb2 47. Rxe3 Rxb5 48. Kh4 Ra5 49. Rb3 Rc5 50. g4 Kg6 51. Rb6+ Kg7 52. g5 Rc1 53. Kh5 Rh1+ 1/2-1/2

[Event "USA-ch U16"]
[Site "Schaumburg"]
[Date "2025.06.20"]
[Round "3"]
[White "Atwell, Rose"]
[Black "Lin, Bryan Enming"]
[Result "1-0"]
[WhiteElo "2257"]
[BlackElo "2343"]
[PlyCount "71"]
[EventDate "2025.06.19"]
[EventType "tourn"]
[EventRounds "7"]
[EventCountry "USA"]
[EventCategory "2"]
[SourceTitle "CB26_2025"]
[SourceDate "2025.06.25"]
[SourceVersion "1"]
[SourceVersionDate "2025.06.25"]
[SourceQuality "1"]

1. d4 Nf6 2. Bf4 d5 3. Nf3 e6 4. e3 c5 5. c3 Bd6 6. Bg3 0-0 7. Nbd2 Qc7 8. Ne5 Nbd7 9. f4 Rb8 10. Bd3 b5 11. 0-0 c4 12. Bc2 Bb7 13. Qf3 b4 14. Bh4 bxc3 15. bxc3 Qa5 16. Qh3 h6 17. e4 dxe4 18. Ndxc4 Qc7 19. Nxd6 Qxd6 20. Rad1 Nd5 21. c4 Nb4 22. Bb3 Nxe5 23. fxe5 Qd7 24. Rf4 Bc6 25. Rg4 Kh7 26. d5 exd5 27. cxd5 Nd3 28. dxc6 Qd4+ 29. Kh1 Rxb3 30. axb3 f5 31. Qxd3 Qxd3 32. Rxd3 fxg4 33. Rd1 e3 34. Kg1 e2 35. Re1 g5 36. Bf2 1-0

[Event "Space Coast op 30th"]
[Site "Melbourne"]
[Date "2025.05.03"]
[Round "3"]
[White "Atwell, Rose"]
[Black "Lopez Naranjo, Ubaldo Enrique"]
[Result "1-0"]
[WhiteElo "2251"]
[BlackElo "1885"]
[PlyCount "69"]
[EventDate "2025.05.02"]
[EventType "swiss"]
[EventRounds "5"]
[EventCountry "USA"]
[SourceTitle "CB19_2025"]
[SourceDate "2025.05.07"]
[SourceVersion "1"]
[SourceVersionDate "2025.05.07"]
[SourceQuality "1"]

1. d4 Nf6 2. c4 e6 3. g3 Bb4+ 4. Bd2 a5 5. Bg2 0-0 6. Nf3 d6 7. 0-0 Bxd2 8. Qxd2 Qe7 9. Nc3 e5 10. Rfd1 Re8 11. dxe5 dxe5 12. Nd5 Nxd5 13. cxd5 c6 14. d6 Qd8 15. Ng5 h6 16. Ne4 Bd7 17. Nc5 Qb6 18. Rac1 Ra7 19. Be4 Qd8 20. Qe3 b6 21. Nxd7 Qxd7 22. Qxb6 Rb7 23. Qxa5 Rxb2 24. Rc2 Rxc2 25. Bxc2 Qg4 26. Qc7 Qd7 27. a4 Rc8 28. Qxd7 Nxd7 29. Bf5 Rd8 30. Bxd7 Rxd7 31. a5 Kf8 32. a6 Ke8 33. Rb1 Ra7 34. Rb8+ Kd7 35. Rb7+ 1-0

[Event "Princeton op"]
[Site "Princeton"]
[Date "2025.04.17"]
[Round "3"]
[White "Atwell, Rose"]
[Black "Han, Johnathan"]
[Result "0-1"]
[WhiteElo "2258"]
[BlackElo "2404"]
[PlyCount "100"]
[EventDate "2025.04.16"]
[EventType "swiss"]
[EventRounds "9"]
[EventCountry "USA"]
[SourceTitle "CB17_2025"]
[SourceDate "2025.04.23"]
[SourceVersion "1"]
[SourceVersionDate "2025.04.23"]
[SourceQuality "1"]

1. d4 Nf6 2. c4 e6 3. g3 d5 4. Bg2 dxc4 5. Nf3 Be7 6. 0-0 0-0 7. Qc2 c6 8. Qxc4 b5 9. Qc2 Bb7 10. Rd1 Nbd7 11. Nc3 Qb6 12. e4 c5 13. e5 Nd5 14. dxc5 Qxc5 15. Bg5 Rfc8 16. Bxe7 Qxe7 17. Nxd5 Bxd5 18. Qe2 Rc5 19. Nd4 Bxg2 20. Kxg2 Rac8 21. Nb3 Rc4 22. Na5 Rc2 23. Qxb5 Nb6 24. Kg1 h6 25. b4 Nd5 26. Nb3 Qg5 27. Nd4 Rb2 28. Rdb1 Rxb1+ 29. Rxb1 Qxe5 30. Nc6 Qe4 31. Rf1 Nc3 32. Ne7+ Kf8 33. Qa6 Ne2+ 34. Qxe2 Qxe2 35. Nxc8 Qc4 36. Nxa7 Qa6 37. Ra1 Qxa7 38. a4 Qd4 39. Rb1 Qe4 40. Rb2 Qe1+ 41. Kg2 Qa1 42. Rd2 Qxa4 43. Rd4 e5 44. Rh4 f5 45. Rc4 Ke7 46. h3 Kd6 47. g4 Qb5 48. Rc1 Qxb4 49. gxf5 Qe4+ 50. Kg1 Qf3 0-1

[Event "Bellevue PNWCC IM 04"]
[Site "Bellevue"]
[Date "2025.04.05"]
[Round "9"]
[White "Atwell, Rose"]
[Black "Willy, Stephen"]
[Result "1-0"]
[WhiteElo "2258"]
[BlackElo "2196"]
[PlyCount "97"]
[EventDate "2025.04.01"]
[EventType "tourn"]
[EventRounds "9"]
[EventCountry "USA"]
[EventCategory "2"]
[SourceTitle "CB15_2025"]
[SourceDate "2025.04.09"]
[SourceVersion "1"]
[SourceVersionDate "2025.04.09"]
[SourceQuality "1"]

1. d4 d5 2. c4 e6 3. Nf3 Nf6 4. g3 Bb4+ 5. Bd2 Be7 6. Bg2 c6 7. Qc2 0-0 8. 0-0 Nbd7 9. b3 Ne4 10. Rd1 f5 11. Bf4 g5 12. Bc1 Bf6 13. Bb2 a5 14. Nbd2 Qe7 15. Nxe4 fxe4 16. Ne1 a4 17. f3 exf3 18. Nxf3 b5 19. cxb5 a3 20. Bc3 cxb5 21. Qd2 Qg7 22. Rac1 Bb7 23. Bb4 Rfc8 24. Qe3 g4 25. Qxe6+ Kh8 26. Rxc8+ Rxc8 27. Ne5 Nxe5 28. dxe5 Bxe5 29. Bxd5 Rd8 30. e4 Qg5 31. Bd2 Bd4+ 32. Kh1 Bxd5 33. Bxg5 Bxe6 34. Bxd8 Bc3 35. Rd3 b4 36. Bb6 Bxb3 37. Bd4+ Bxd4 38. Rxd4 Bxa2 39. Rxb4 Be6 40. Ra4 a2 41. Kg1 Kg7 42. Kf2 Kf6 43. Ke3 Ke5 44. Ra5+ Kf6 45. Kf4 h6 46. Ra3 a1Q 47. Rxa1 Kg6 48. Ra6 Kh5 49. h3 1-0

[Event "Bellevue PNWCC IM 04"]
[Site "Bellevue"]
[Date "2025.04.01"]
[Round "1"]
[White "Degenbaev, Aziz"]
[Black "Atwell, Rose"]
[Result "1-0"]
[WhiteElo "2289"]
[BlackElo "2258"]
[PlyCount "67"]
[EventDate "2025.04.01"]
[EventType "tourn"]
[EventRounds "9"]
[EventCountry "USA"]
[EventCategory "2"]
[SourceTitle "CB15_2025"]
[SourceDate "2025.04.09"]
[SourceVersion "1"]
[SourceVersionDate "2025.04.09"]
[SourceQuality "1"]

1. e4 e5 2. Nf3 Nf6 3. d4 Nxe4 4. Bd3 d5 5. Nxe5 Nd7 6. Nxd7 Bxd7 7. 0-0 Bd6 8. Nc3 Nxc3 9. bxc3 0-0 10. Qh5 f5 11. Bg5 Qe8 12. Qf3 Qf7 13. Bf4 Rfe8 14. Rfe1 b6 15. h3 Re4 16. Bxd6 Rxe1+ 17. Rxe1 cxd6 18. Re7 Qxe7 19. Qxd5+ Kf8 20. Qxa8+ Qe8 21. Qxa7 Qd8 22. Qb7 Be6 23. a4 h6 24. Qc6 Kf7 25. c4 f4 26. Qe4 Qg5 27. Qb7+ Kg8 28. Qb8+ Kf7 29. Qc7+ Kg8 30. Qxd6 Kf7 31. Qc7+ Kg8 32. Qxb6 Bxh3 33. Qc6 Kf7 34. Qg6+ 1-0

[Event "New York Blitz Fuel IM-C"]
[Site "New York"]
[Date "2025.01.19"]
[Round "7"]
[White "Sun, Ryan"]
[Black "Atwell, Rose"]
[Result "0-1"]
[WhiteElo "2268"]
[BlackElo "2159"]
[PlyCount "76"]
[EventDate "2025.01.16"]
[EventType "tourn"]
[EventRounds "9"]
[EventCountry "USA"]
[EventCategory "2"]
[SourceTitle "CB05_2025"]
[SourceDate "2025.01.29"]
[SourceVersion "1"]
[SourceVersionDate "2025.01.29"]
[SourceQuality "1"]

1. d4 d5 2. Bf4 Nf6 3. e3 e6 4. Nf3 Bd6 5. Ne5 0-0 6. c3 b6 7. h4 c5 8. h5 h6 9. Nd2 Ba6 10. Bxa6 Nxa6 11. Qf3 Bxe5 12. dxe5 Nh7 13. Qg4 Kh8 14. Rd1 Qe7 15. Nf3 c4 16. Qh3 Nc5 17. Kf1 b5 18. g4 b4 19. cxb4 Nd3 20. a3 Nxb2 21. Rd2 c3 22. Rc2 Rfc8 23. Rg1 Ng5 24. Qh4 f6 25. Nd4 Nc4 26. Qh2 Nxa3 27. Rc1 Nf7 28. b5 Nc4 29. exf6 Qxf6 30. Nc2 e5 31. Bg3 Nd2+ 32. Ke2 Qf3+ 33. Ke1 Qxg4 34. Bxe5 Nf3+ 35. Kd1 Nxg1+ 36. f3 Nxf3 37. Qg3 N3xe5+ 38. Qxg4 Nxg4 0-1

[Event "USA-ch (Women)"]
[Site "Saint Louis"]
[Date "2024.10.23"]
[Round "11"]
[White "Atwell, Rose"]
[Black "Lee, Megan Shuen Hui"]
[Result "0-1"]
[WhiteElo "2185"]
[BlackElo "2253"]
[PlyCount "112"]
[EventDate "2024.10.11"]
[EventType "tourn"]
[EventRounds "11"]
[EventCountry "USA"]
[EventCategory "3"]
[SourceTitle "CB43_2024"]
[Source "Chessbase"]
[SourceDate "2024.10.23"]
[SourceVersion "1"]
[SourceVersionDate "2024.10.23"]
[SourceQuality "1"]

1. Nf3 Nf6 2. b3 d5 3. Bb2 Bf5 4. g3 h6 5. Bg2 e6 6. c4 c6 7. 0-0 Be7 8. d3 0-0 9. Nbd2 a5 10. a3 Bh7 11. Re1 Nbd7 12. cxd5 exd5 13. Rc1 Qb6 14. h3 Bc5 15. d4 Bd6 16. Ne5 Rfe8 17. Nxd7 Nxd7 18. e4 dxe4 19. Nc4 Qc7 20. d5 Bf8 21. d6 Qb8 22. Qd4 b5 23. Nd2 c5 24. Qc3 b4 25. axb4 axb4 26. Qe3 Bxd6 27. Nxe4 Ra2 28. Qd2 Bxe4 29. Bxe4 Rd8 30. Bb1 Ra7 31. Qc2 Nf8 32. Re4 Bxg3 33. Bxg7 Bh2+ 34. Kh1 Kxg7 35. Qb2+ f6 36. f4 Bxf4 37. Rg1+ Bg5 38. h4 Ng6 39. hxg5 hxg5 40. Rxg5 Rd1+ 41. Kg2 Rxb1 42. Rxg6+ Kxg6 43. Qxb1 Rg7 44. Kf1 Kf7 45. Qd3 Rg5 46. Rh4 Qe8 47. Rh7+ Ke6 48. Rc7 Rf5+ 49. Ke1 Rd5 50. Qa6+ Kf5+ 51. Kf2 Rd2+ 52. Kf1 Rd1+ 53. Kf2 Qe1+ 54. Kf3 Qe4+ 55. Kg3 Qf4+ 56. Kg2 Rd2+ 0-1

[Event "USA-ch (Women)"]
[Site "Saint Louis"]
[Date "2024.10.21"]
[Round "9"]
[White "Atwell, Rose"]
[Black "Paikidze, Nazi"]
[Result "1/2-1/2"]
[WhiteElo "2185"]
[BlackElo "2314"]
[PlyCount "72"]
[EventDate "2024.10.11"]
[EventType "tourn"]
[EventRounds "11"]
[EventCountry "USA"]
[EventCategory "3"]
[SourceTitle "CB43_2024"]
[Source "Chessbase"]
[SourceDate "2024.10.23"]
[SourceVersion "1"]
[SourceVersionDate "2024.10.23"]
[SourceQuality "1"]

1. e4 g6 2. d4 Bg7 3. Nc3 c6 4. f4 Qb6 5. Nf3 d5 6. e5 h5 7. Na4 Qa5+ 8. c3 Nh6 9. Be3 Bg4 10. Nc5 Qc7 11. Be2 Nd7 12. Nd3 e6 13. Ng5 Nf5 14. Bf2 Bxe2 15. Qxe2 Bf8 16. a4 Be7 17. Nf3 Kf8 18. g3 c5 19. 0-0 Kg7 20. h3 cxd4 21. cxd4 Rac8 22. g4 hxg4 23. hxg4 Nh6 24. Nd2 Qb6 25. Kg2 Bb4 26. Nb3 Qa6 27. Qf3 Qc4 28. Nbc5 Nxc5 29. Nxc5 Bxc5 30. dxc5 Nxg4 31. Qxg4 Qe4+ 32. Kg3 Qd3+ 33. Kg2 Qe4+ 34. Kg3 Qd3+ 35. Kg2 Qe4+ 36. Kg3 Qd3+ 1/2-1/2

[Event "USA-ch (Women)"]
[Site "Saint Louis"]
[Date "2024.10.11"]
[Round "1"]
[White "Zatonskih, Anna"]
[Black "Atwell, Rose"]
[Result "0-1"]
[WhiteElo "2312"]
[BlackElo "2185"]
[PlyCount "86"]
[EventDate "2024.10.11"]
[EventType "tourn"]
[EventRounds "11"]
[EventCountry "USA"]
[EventCategory "3"]
[SourceTitle "CB43_2024"]
[Source "Chessbase"]
[SourceDate "2024.10.23"]
[SourceVersion "1"]
[SourceVersionDate "2024.10.23"]
[SourceQuality "1"]

1. Nf3 Nf6 2. g3 b5 3. Bg2 Bb7 4. 0-0 e6 5. d3 c5 6. e4 d6 7. c3 Nbd7 8. Re1 Be7 9. Nbd2 0-0 10. d4 e5 11. dxe5 dxe5 12. b3 Qc7 13. Qe2 c4 14. bxc4 bxc4 15. Nh4 g6 16. Qxc4 Nc5 17. Qe2 Na4 18. c4 Rfd8 19. Nb3 Rac8 20. Bb2 Bb4 21. Rec1 Nxb2 22. Qxb2 Bxe4 23. c5 Bxg2 24. Nxg2 Qe7 25. Rc4 Bxc5 26. Qc2 Bxf2+ 27. Kxf2 Qe6 28. Nc5 Rxc5 29. Rxc5 Rd2+ 30. Qxd2 Ne4+ 31. Ke3 Nxd2 32. Rac1 Qd6 33. Ne1 Qd4+ 34. Ke2 e4 35. R1c3 e3 36. Rc8+ Kg7 37. Nc2 Qg4+ 38. Kxe3 Qd1 39. h4 Nf1+ 40. Kf2 Nh2 41. Ne1 Ng4+ 42. Kf1 Qd2 43. Nd3 Ne3+ 0-1

[Event "San Jose 1000 GM Labor Day op"]
[Site "San Jose"]
[Date "2024.09.02"]
[Round "7"]
[White "Atwell, Rose"]
[Black "Mikaelyan, Arman"]
[Result "0-1"]
[WhiteElo "2208"]
[BlackElo "2529"]
[PlyCount "80"]
[EventDate "2024.08.30"]
[EventType "swiss"]
[EventRounds "9"]
[EventCountry "USA"]
[SourceTitle "EXT 2025"]
[Source "ChessBase"]
[SourceDate "2024.10.14"]
[SourceVersion "1"]
[SourceVersionDate "2024.10.14"]
[SourceQuality "1"]

1. e4 g6 2. d4 Bg7 3. Nc3 d6 4. Nf3 Nf6 5. Be2 0-0 6. 0-0 a6 7. Re1 b5 8. e5 dxe5 9. Nxe5 Bb7 10. Bf3 Qc8 11. Bg5 h6 12. Be3 Rd8 13. Qe2 Nbd7 14. Nc6 Re8 15. Qd2 Kh7 16. Bf4 e6 17. h4 Nb6 18. b3 b4 19. Ne4 Nxe4 20. Bxe4 Qd7 21. Ne5 Bxe5 22. Bxe5 Bxe4 23. Rxe4 Nd5 24. h5 g5 25. Qd3 f5 26. Rae1 Qb5 27. Qf3 Qc6 28. c4 bxc3 29. Rc1 Ne7 30. Re3 Qxf3 31. Rxf3 Nd5 32. g4 Rf8 33. gxf5 Rxf5 34. Rxf5 exf5 35. Kg2 Kg8 36. f4 g4 37. Kf2 Kf7 38. Ke2 Rg8 39. b4 g3 40. Kf3 g2 0-1

[Event "Washington op 11th"]
[Site "Rockville"]
[Date "2024.08.10"]
[Round "1"]
[White "Atwell, Rose"]
[Black "Bok, Benjamin"]
[Result "0-1"]
[WhiteElo "2208"]
[BlackElo "2596"]
[PlyCount "98"]
[EventDate "2024.08.10"]
[EventType "swiss"]
[EventRounds "9"]
[EventCountry "USA"]
[SourceTitle "EXT 2025"]
[Source "ChessBase"]
[SourceDate "2024.10.14"]
[SourceVersion "1"]
[SourceVersionDate "2024.10.14"]
[SourceQuality "1"]

1. e4 c5 2. Nf3 d6 3. Bb5+ Nd7 4. 0-0 a6 5. Bd3 Ngf6 6. Re1 g6 7. c3 Bg7 8. Bc2 b5 9. d4 cxd4 10. cxd4 Bb7 11. e5 dxe5 12. dxe5 Nd5 13. e6 fxe6 14. Ng5 Nc5 15. Nxh7 Qd6 16. Bxg6+ Kd7 17. h4 Rag8 18. h5 Bf6 19. Nxf6+ exf6 20. Qd4 Ne7 21. Qxd6+ Kxd6 22. b4 Na4 23. Be4 Bxe4 24. Rxe4 Rxh5 25. Nd2 Rgh8 26. f3 Nd5 27. Nb3 e5 28. Kf2 Rh1 29. Bd2 Rxa1 30. Nxa1 Nac3 31. Bxc3 Nxc3 32. Rg4 Nxa2 33. Nb3 Rc8 34. Rg6 Ke6 35. Nc5+ Kf7 36. Rg4 Nxb4 37. Nb7 Rc2+ 38. Ke3 Nd5+ 39. Ke4 Rd2 40. Nd6+ Ke6 41. Nf5 Re2+ 42. Kd3 Rxg2 43. Ng7+ Kf7 44. Rxg2 Nf4+ 45. Ke4 Nxg2 46. Nf5 Nf4 47. Nd6+ Ke6 48. Ne8 f5+ 49. Ke3 Nd5+ 0-1

[Event "USA-ch U20 Girls"]
[Site "Saint Louis"]
[Date "2024.07.19"]
[Round "4"]
[White "Atwell, Rose"]
[Black "Tang, Zoey"]
[Result "1-0"]
[WhiteElo "2277"]
[BlackElo "2260"]
[PlyCount "133"]
[EventDate "2024.07.16"]
[EventType "tourn"]
[EventRounds "9"]
[EventCountry "USA"]
[SourceTitle "EXT 2025"]
[Source "ChessBase"]
[SourceDate "2024.10.14"]
[SourceVersion "1"]
[SourceVersionDate "2024.10.14"]
[SourceQuality "1"]

1. d4 Nf6 2. Nc3 d5 3. Bf4 c5 4. e4 Nxe4 5. Nxe4 dxe4 6. dxc5 Qxd1+ 7. Rxd1 Nc6 8. Be3 g6 9. Bb5 Bg7 10. Bd4 0-0 11. Bxg7 Kxg7 12. Bxc6 bxc6 13. Rd4 Rb8 14. b3 f5 15. Ne2 Be6 16. Ra4 Rb7 17. Kd2 Rd8+ 18. Ke3 Kf6 19. Ra6 Rc7 20. Ra4 Rcd7 21. f4 exf3 22. gxf3 Bf7 23. Ra6 Rc7 24. Nc3 Be6 25. Rd1 Rxd1 26. Nxd1 Bc8 27. Ra4 e5 28. Nc3 Rd7 29. b4 a6 30. Ra3 Rd4 31. Rb3 Rh4 32. a4 Rxh2 33. b5 axb5 34. axb5 cxb5 35. Rxb5 f4+ 36. Kd3 Ba6 37. Nd5+ Kf5 38. c4 Rf2 39. c6 Rxf3+ 40. Kc2 Ra3 41. c7 Ke6 42. Kb2 Ra4 43. Rb6+ Kd7 44. c5 Rc4 45. Rd6+ Ke8 46. Rxa6 Rxc5 47. Ra8+ Kd7 48. c8Q+ Rxc8 49. Nb6+ Kc7 50. Nxc8 f3 51. Ne7 Kd6 52. Kc3 Kxe7 53. Kd3 g5 54. Ke3 g4 55. Ra7+ Kf6 56. Rxh7 Kg5 57. Rh1 Kf5 58. Rh5+ Kf6 59. Kf2 e4 60. Ra5 Ke6 61. Rg5 Kf6 62. Rxg4 Kf5 63. Rg8 Kf4 64. Rf8+ Ke5 65. Ke3 Kd5 66. Rf5+ Ke6 67. Kxe4 1-0

[Event "USA-ch U20 Girls"]
[Site "Saint Louis"]
[Date "2024.07.17"]
[Round "2"]
[White "Atwell, Rose"]
[Black "Vidyarthi, Omya"]
[Result "1-0"]
[WhiteElo "2277"]
[BlackElo "2087"]
[PlyCount "119"]
[EventDate "2024.07.16"]
[EventType "tourn"]
[EventRounds "9"]
[EventCountry "USA"]
[SourceTitle "EXT 2025"]
[Source "ChessBase"]
[SourceDate "2024.10.14"]
[SourceVersion "1"]
[SourceVersionDate "2024.10.14"]
[SourceQuality "1"]

1. d4 d5 2. c4 c6 3. Nf3 Nf6 4. e3 Bf5 5. Nc3 e6 6. Nh4 Bg6 7. Nxg6 hxg6 8. Bd2 Nbd7 9. Qc2 Qc7 10. g3 Bb4 11. Bd3 e5 12. cxd5 Bxc3 13. Qxc3 Nxd5 14. Qa3 exd4 15. exd4 Nf8 16. 0-0-0 Ne6 17. Rde1 Qe7 18. Qa4 0-0 19. h4 Qf6 20. h5 g5 21. Re5 Rae8 22. Rf5 Qxd4 23. Qxd4 Nxd4 24. Rxg5 Nf3 25. Rg4 Ne5 26. Rd4 Nxd3+ 27. Rxd3 Kh7 28. Kd1 Nf6 29. f3 Re6 30. g4 Nd5 31. g5 Rd8 32. Re1 Rxe1+ 33. Kxe1 Re8+ 34. Kf2 Re7 35. Rd4 Kg8 36. f4 Re6 37. Kf3 Kf8 38. Re4 Rxe4 39. Kxe4 Nb6 40. Bb4+ Kg8 41. Bc5 Nc4 42. b3 Nd2+ 43. Ke3 Nf1+ 44. Kf2 Nd2 45. Bxa7 Ne4+ 46. Kf3 Nc3 47. a4 f6 48. Bd4 Nd5 49. Ke4 Kf7 50. g6+ Ke6 51. f5+ Ke7 52. Bc5+ Ke8 53. Bd6 Nb6 54. a5 Nd7 55. Kf4 c5 56. Ke4 b5 57. Kd5 c4 58. bxc4 b4 59. Bxb4 Nb8 60. Bd6 1-0

[Event "World op 52nd"]
[Site "Philadelphia"]
[Date "2024.07.06"]
[Round "7"]
[White "Atwell, Rose"]
[Black "Urazayev, Arystanbek"]
[Result "0-1"]
[WhiteElo "2277"]
[BlackElo "2476"]
[PlyCount "122"]
[EventDate "2024.07.03"]
[EventType "swiss"]
[EventRounds "9"]
[EventCountry "USA"]
[SourceTitle "CBM 221 Extra"]
[Source "ChessBase"]
[SourceDate "2024.09.30"]
[SourceVersion "1"]
[SourceVersionDate "2024.09.30"]
[SourceQuality "1"]

1. e4 e5 2. Nf3 Nc6 3. Bb5 Nge7 4. c3 d5 5. Nxe5 dxe4 6. Qe2 Be6 7. Nxc6 bxc6 8. Ba6 Qd5 9. 0-0 Rd8 10. Re1 Bf5 11. Na3 h5 12. Nc2 Bg6 13. Nb4 Qd6 14. d4 Rb8 15. f3 f5 16. fxe4 fxe4 17. Rf1 Kd7 18. Bf4 Qe6 19. Rae1 Nd5 20. Nd3 Bd6 21. Ne5+ Bxe5 22. Bxe5 Rhf8 23. Bxg7 Rxf1+ 24. Rxf1 Qg4 25. Qxg4+ hxg4 26. Rf2 g3 27. hxg3 e3 28. Re2 Bh5 29. Re1 Rxb2 30. Bc4 e2 31. Kf2 Nxc3 32. g4 Bxg4 33. d5 Rb4 34. dxc6+ Kxc6 35. Bd3 Ne4+ 36. Ke3 Nd6 37. Bc3 Ra4 38. Bxe2 Bxe2 39. Rxe2 Ra3 40. Rc2 Kd5 41. Kf4 Ra4+ 42. Kf3 Ne4 43. Ba1 c5 44. g4 c4 45. Ke3 Ra3+ 46. Kf4 Rd3 47. Re2 Rd1 48. Bg7 c3 49. g5 Rf1+ 50. Kg4 Rg1+ 51. Kf4 Ng3 52. Re5+ Kc4 53. Re7 Nh5+ 54. Kf5 Nxg7+ 55. Rxg7 c2 56. Rc7+ Kd3 57. Rd7+ Kc3 58. Rxa7 Rxg5+ 59. Kxg5 c1Q+ 60. Kf5 Qb1+ 61. Ke5 Qb8+ 0-1